| 000 | 00000nam##2200000za#4500 |
| 001 | 9.591906 |
| 003 | CaOODSP |
| 005 | 20210624200923 |
| 007 | cr ||||||||||| |
| 008 | 150406|2004||||xxc|||||o f|0| 0 fre|d |
| 020 | |a0-662-77672-0 |
| 040 | |aCaOODSP|bfre |
| 043 | |an-cn--- |
| 086 | 1 |aEn49-17/544F-PDF |
| 110 | 1 |aCanada. |bEnvironnement Canada. |
| 245 | 10|aÀ la recherche d'un terrain d'entente : |h[ressource électronique]|bstratégie internationale pour le Programme des substances nouvelles du Canada (substances chimiques et polymères) |
| 260 | |aOttawa - Ontario : |bEnvironnement Canada |cAoût 2004. |
| 300 | |a17p.|bfigure |
| 490 | 1 |aSérie de la protection de l'environnement. [Consultations multilatérales]|vSPE M-544 |
| 500 | |a« En conformité avec le Règlement sur les renseignements concernant les substances nouvelles de la Loi canadienne sur la protection de l'environnement (1999) »--Couverture. Le n° de catalogue (En49-17/544) de l'édition imprimée bilingue à été incorrectement copié dans l'édition électronique. L'ISBN (0-662-68366-7) copié dans cette édition électronique sont incorrects. |
| 590 | |a14-08-Supp|b2014-04-10 |
| 691 | 07|aProduit toxique|2gcpds |
| 691 | 07|aProtection de l'environnement|2gcpds |
| 775 | 08|tFinding common ground : |w(CaOODSP)9.559097 |
| 830 | #0|aSérie de la protection de l'environnement. [Consultations multilatérales]|vSPE M-544|w(CaOODSP)9.501194 |
| 856 | 40|ahttp://publications.gc.ca|qPDF|s401 Ko|uhttps://publications.gc.ca/collections/collection_2014/ec/En49-17-544-fra.pdf|ySPE M-544 |